Statistiques concernant Inazuma Eleven Go Chrono Stone - Noms d'épisodes

Cliquez ici pour prendre le quiz!

Statistiques générales

  • Ce quiz a été pris 28 fois
  • Le résultat moyen est 16 sur 51

Statistiques - réponses

NuméroRéponse% Correct
1Le football a disparu
90%
6L'oméga massacre
67%
2Arion voyage dans le temps
57%
7Entraînement au sanctuaire
48%
3La renaissance de Raimon
48%
9Les enseignements du maître
48%
14Opération danse
48%
21Le serment
43%
22Ce drôle de Liu Bei
38%
19La fille en armure
38%
8L'armure d'esprit guerrier
38%
5Le football, une menace pour la société
38%
17Un rêve de conquête
38%
13Bataille contre la bande du Cerf Blanc
33%
15Entraînement intensif dans le Japon féodal
33%
16Football en folie
33%
27Soji Okita, le sabreur
33%
18Tous de retour
33%
4Un dernier match
33%
26Voilà Ryoma Sakamoto
33%
24Zanark Domination entre en scène
33%
11A la recherche de l'équipe ultime
29%
34Des adieux déchirants
29%
44Fei est-il notre ennemi ?
29%
23La forteresse de Zhuge Liang
29%
51Le football est de retour
29%
48Le pouvoir de Siméon
29%
25Le pouvoir de Zhuge Liang
29%
47L'équipe ultime au complet
29%
41Le retour du véritable Fei
29%
10Le souffle du passé ?! C'est David Evans
29%
12Le village de Nobunaga
29%
20La flamme du football
24%
38L'effroyable mode hyper-drive
24%
46Le mécène X
24%
37Le roi Arthur et la reine des Dragons
24%
36Les Chevaliers de la Table Ronde
24%
39Raimon et El Dorado, une association inattendue
24%
28Sakamoto contre Okita : la revanche
24%
49Une attaque féroce
24%
33Affrontement dans la vallée des bêtes
19%
31Direction l'ère des dinosaures
19%
45Je suis le Tout-Puissant
19%
30La légende de Mark Evans
19%
50Le dernier saut
19%
32Le roi des dinosaures
19%
29Les hommes qui faisaient l'histoire
19%
35Un saut dans la légende
19%
43Mécamark arrive
14%
40Ragnarok, l'ultime tournoi
14%
42Un onzième joueur inattendu
14%

Distribution des résultats

Percentile par nombre de réponses

% des personnes avec chaque résultat

Votre développement - résultats

Vous n’avez pas pris ce quiz